|
|
แสดงรายละเอียดบรรณานุกรม |
|
|
Brief Record
: Get Marc (ISO 2709)
: E-mail record
: |
| LEADER 00000nama 2200000uu 4500 | |||
| 001 185039 | |||
| 003 ULIBM | |||
| 008 040531s2543 th m m a000 0 tha d | |||
| 020 974-293-678-1 | |||
| 041 tha | |||
| 050 วจ WY160 ว298ท 2543 | |||
| 100 วรางรัตน์ ทะมังกลาง | |||
| 245 ทำเนียบเครือข่ายผู้ปฏิบัติงานสุขภาพจิต จังหวัดอุดรธานี | |||
| 260 พระธรรมขันต์ขอนแก่น ขอนแก่น 2543 | |||
| 300 147 หน้า | |||
| 650 สุขภาพจิต - เครือข่าย | |||
| 999 ^aใช้งานได้ทุกระบบ | |||
| คุณยังไม่ได้ล็อกอิน คุณสามารถมีกิจกรรมร่วมกับเว็บไซต์ได้ แต่ต้องล็อกอินก่อน :: |
|
| สถานะ | |||||||||
| 1. | งานวิจัย | วจ WY160 ว298ท 2543 | On Shelf ขอยืม | ||||||
| [แสดง 1/1 รายการ] | |||||||||
| รายการใกล้เคียง ผู้แต่ง [วรางรัตน์ ทะมังกลาง]
|
BibComment |
| คอมเมนท์ทรัพยากรรายการนี้ |
|
|